[Event "180th open MGU"]
[Site "Sofia"]
[Date "2017.01.21"]
[Round "1.1"]
[White "Metev, Martin"]
[Black "Kostov, Nikolay"]
[Result "1-0"]
[WhiteElo "2062"]
[BlackElo "1709"]
[PlyCount "53"]
[EventDate "2017.01.21"]
[EventType "swiss"]
[EventRounds "6"]
[EventCountry "BUL"]

1. e4 e5 2. Nf3 Nc6 3. Bb5 Nf6 4. O-O Be7 5. Re1 d6 6. Bxc6+ bxc6 7. d4 exd4 8.
Nxd4 (8. Qxd4 O-O 9. Nc3 c5 10. Qd3 Be6 11. Nd5 Nxd5 12. exd5 Bd7 13. Bd2 Rb8
14. b3 Re8 15. c4 Qc8 16. Re2 Bf5 17. Qe3 Qd7 18. Rae1 Kf8 19. Bc3 c6 20. dxc6
Qxc6 21. Qf4 Qd7 22. h3 Bg6 {
Putz,G (1688)-Hamberger,R (1807) Germany 2009 0-1 (42)}) 8... c5 $146 (8... Bd7
9. c4 O-O 10. Nc3 Re8 11. h3 Qb8 12. b3 d5 13. exd5 cxd5 14. cxd5 Bb4 15. Rxe8+
Qxe8 16. Nde2 Bd6 17. Qd3 h6 18. Be3 a5 19. Bd4 Be5 20. Qe3 Bxd4 21. Qxe8+ Rxe8
22. Nxd4 g5 23. Rd1 {
Chandler,M (2517)-Parker,J (2545) West Bromwich 2003 1-0 (39)}) (8... Bd7 9. c4
$14) 9. Nf3 (9. Nc6 Qd7 10. Nxe7 Qxe7 $16) 9... Bg4 (9... O-O 10. Nc3 $11) 10.
h3 $14 Bxf3 11. Qxf3 Nd7 12. Nc3 Ne5 13. Qe2 c6 (13... O-O 14. Nd5 $14) 14. b3
O-O 15. Bb2 Re8 16. Rad1 Rb8 17. Na4 Nd7 18. Qg4 Bf6 $2 (18... f6 $142 $16) 19.
Rxd6 $18 Qa5 20. Qd1 (20. Re3 $5 Bxb2 21. Rxd7 Bf6 $18) 20... Bxb2 (20... Rbd8
21. Re2 Bxb2 22. Nxb2 $18) 21. Nxb2 $18 (21. Rxd7 $6 Bd4 $16) 21... Nf6 22. e5
Rbd8 $4 (22... Nd5 $18) 23. Nc4 Qc7 (23... Rxd6 24. Nxd6 c4 25. Nxe8 Nxe8 $18)
24. exf6 Rxe1+ 25. Qxe1 gxf6 26. Rxd8+ Qxd8 27. Qe4 1-0

[Event "180th open MGU"]
[Site "Sofia"]
[Date "2017.01.21"]
[Round "1.2"]
[White "Babatov, Martin"]
[Black "Krasteva, Beloslava"]
[Result "1-0"]
[WhiteElo "1625"]
[BlackElo "1986"]
[PlyCount "111"]
[EventDate "2017.01.21"]
[EventType "swiss"]
[EventRounds "6"]
[EventCountry "BUL"]

1. d4 d5 2. c4 e6 3. Bf4 Nf6 4. e3 c5 5. dxc5 Bxc5 6. Nf3 O-O 7. Nc3 Nc6 8.
cxd5 exd5 $146 (8... Nxd5 9. Nxd5 exd5 10. Bd3 Bb4+ 11. Nd2 Re8 12. O-O Qf6 13.
a3 Bxd2 14. Qxd2 a6 15. Rac1 Bf5 16. Bxf5 Qxf5 17. Rfd1 Rad8 18. Bc7 Rd7 19.
Bb6 h6 20. Bd4 Re6 21. Bc3 Rg6 22. Qd3 Qg5 23. Qf1 {
Mladenov,I (2177)-Vachev,V (2231) Velingrad 2004 1-0 (46)}) 9. Be2 Be6 10. O-O
a6 11. a3 Rc8 (11... d4 12. exd4 Nxd4 13. Nxd4 Bxd4 14. Bf3 $11) 12. b4 (12.
Qc2 Qe7 $11) 12... Ba7 $11 13. Rc1 d4 14. exd4 Nxd4 15. Nxd4 Qxd4 (15... Bxd4
16. Na4 $11) 16. Qxd4 $11 Bxd4 17. Na4 Ne4 18. Bf3 f5 19. Be3 Bxe3 20. fxe3 Nd2
$2 (20... Rxc1 $142 $5 21. Rxc1 Bd5 $11) 21. Bxb7 $16 Nxf1 22. Bxc8 (22. Rxf1
Rc2 23. Nc5 Bc4 $15) 22... Rxc8 (22... Bxc8 23. Rxf1 Rd8 24. Rc1 $16) 23. Rxc8+
(23. Rxf1 $6 Rc2 $16) 23... Bxc8 24. Kxf1 Be6 25. h4 (25. Ke2 Bc4+ 26. Kd2 Kf7
$16) 25... Kf7 26. Nc5 Bc4+ 27. Kf2 Kf6 28. Nd7+ Ke7 29. Nb6 Be6 30. Kf3 h6 (
30... Kd6 $142 $5 31. Na4 Ke5 $16) 31. Kf4 $18 Kd6 32. Na4 Bc8 $2 (32... g6 33.
Nc3 $16) 33. g3 (33. h5 Bb7 34. g3 Bc8 $18) 33... Ke6 $2 (33... g6 34. Nc3 $16)
34. e4 $4 (34. h5 $142 $18) 34... fxe4 $16 35. Kxe4 Kd6 36. Nc3 Bd7 37. Kf4 Bc8
38. h5 Ke6 (38... Bd7 39. g4 $16) 39. g4 (39. a4 Bd7 40. Ne4 Be8 41. Nc5+ Kf6
$18) 39... Kd6 40. g5 Ke6 41. gxh6 gxh6 42. a4 (42. Ne4 $5 $16) 42... Kd6 $11
43. Ne4+ Ke6 (43... Kc7 44. Nf6 a5 45. bxa5 $11) 44. b5 (44. a5 Ke7 45. Ke5 $18
) 44... axb5 $11 45. axb5 Kd5 46. Nf6+ Kc5 47. Ng8 Kxb5 $4 (47... Bd7 $142 $11)
48. Nxh6 $18 Be6 49. Ke5 Bb3 50. Ng4 (50. Nf5 Bg8 $18) 50... Kc6 51. Kf6 Kd6
52. h6 Bc2 53. Ne5 Bh7 54. Kg7 Kxe5 55. Kxh7 Kf6 56. Kg8 1-0

[Event "180th open MGU"]
[Site "Sofia"]
[Date "2017.01.21"]
[Round "1.3"]
[White "Andreev, Dobrotich"]
[Black "Georgiev, Nikolay Zh."]
[Result "1-0"]
[WhiteElo "1985"]
[BlackElo "1623"]
[PlyCount "71"]
[EventDate "2017.01.21"]
[EventType "swiss"]
[EventRounds "6"]
[EventCountry "BUL"]

1. e4 e5 2. Nf3 Nc6 3. Bb5 Bc5 4. c3 Nf6 5. d4 exd4 6. cxd4 Bb4+ 7. Bd2 Nxe4 8.
Bxb4 Nxb4 9. O-O O-O 10. Re1 (10. a3 Nd5 11. Re1 Nef6 (11... Ndf6 12. d5 b6 13.
Bd3 Re8 14. Nc3 Nc5 15. Rxe8+ Qxe8 16. Bc2 d6 17. b4 Ncd7 18. Nb5 Qd8 19. Nfd4
Bb7 20. Nc6 Bxc6 21. dxc6 Ne5 22. Nd4 a6 23. Bb3 b5 24. Rc1 Qb8 25. Nf3 Qe8 26.
Nd4 {Shih,L-Kakuk,T (1622) Khanty-Mansiysk 2016 1/2}) 12. Nc3 Nxc3 13. bxc3 c6
14. Bd3 d6 15. h3 Qa5 16. Qc2 Qh5 17. Nd2 d5 18. Re5 Qh6 19. Rae1 Bd7 20. Nf3
Rfe8 21. Qb2 b6 22. Qb4 Rxe5 23. dxe5 c5 24. Qb3 c4 {
Fuentealba,J (2214)-Larrain Cadaiz,E (2292) Santiago de Chile 2007 1/2 (43)})
10... Ng5 $146 (10... d5 11. a3 Nc6 12. Bxc6 bxc6 13. Nbd2 Bf5 14. Rc1 Nxd2 15.
Qxd2 Qd6 16. Rc5 f6 17. Re3 Rfb8 18. g3 Rb6 19. Nh4 Bd7 20. Ng2 Rab8 21. b4 Rb5
22. Nf4 Kf7 23. Qc2 Kg8 24. Qe2 a5 25. Rxb5 {
Arita,K-Beyen,R (2265) Nice 1974 1-0 (41)}) (10... Nf6 11. Nc3 b6 12. a3 Nbd5
13. Nxd5 Nxd5 14. Bc4 Bb7 15. Re5 Nf6 16. Qd3 d6 17. Re2 a5 18. Rae1 d5 19. Ba2
Ba6 20. Qd2 Bxe2 21. Rxe2 Re8 22. Ne5 Qd6 23. Qc2 Re6 24. Bb1 g6 25. Re3 {
Lozano Alarcon,A (1791)-Mejia Fernandez,J (1734) Santa Eulalia de Roncana 2009
0-1 (35)}) 11. Ne5 (11. Nxg5 $142 Qxg5 12. Nc3 $15) 11... d6 $19 12. Nd3 (12.
a3 $142 dxe5 13. axb4 exd4 14. Bd3 $17) 12... Nxd3 $4 (12... Nh3+ $142 13. gxh3
Qg5+ 14. Kh1 Bxh3 $19) 13. Bxd3 $15 Ne6 14. Bc2 (14. Nc3 Nf4 $17) 14... Qg5 (
14... Qf6 15. d5 Nf4 16. Nc3 $17) 15. Nc3 Nf4 16. Qf3 Bh3 $4 {
Óâåëè~~èâàåò äàâëåíèå íà g2} (16... Bd7 $142 $17) 17. Qg3 $18 Qxg3 18. hxg3 (
18. fxg3 $6 Nxg2 19. Re2 d5 $14) 18... Nxg2 19. Re7 g5 $2 (19... Rae8 $142 20.
Rxe8 Rxe8 $18) 20. Be4 Nh4 (20... Rfc8 21. Bxb7 Kf8 22. Bxa8 (22. Bxg2 Bxg2 23.
Re3 Bc6 $15) 22... Kxe7 23. Bxg2 $18) 21. gxh4 gxh4 22. Nd5 (22. Kh2 Bg4 23.
Rg1 f5 $18) 22... f5 $2 (22... c6 23. Nc7 Rad8 $18) 23. Bf3 Bg4 24. Bxg4 (24.
Bh1 $142 $5 Rf7 25. Rae1 c6 $18) 24... fxg4 25. Nxc7 Rac8 26. Rae1 Rf4 (26...
Rf7 27. Re8+ Rxe8 28. Nxe8 $18) 27. Ne6 (27. Ne8 $142 Rc2 28. Rg7+ Kf8 29. Rxh7
Rfxf2 30. Rh8+ Kf7 31. Nxd6+ Kg7 32. Rxh4 Rg2+ 33. Kh1 g3 34. Rg4+ Kh6 35. Nf5+
Kh5 36. Rxg3 Rxg3 37. Nxg3+ Kg4 $18) 27... Rf6 $4 (27... Rf7 28. Ng5 Rxe7 29.
Rxe7 Rc1+ 30. Kg2 h3+ 31. Kh2 h5 $14) 28. Rg7+ $18 Kh8 29. Rxg4 Rc2 30. Nf4 h5
(30... Rf8 $18) 31. Re8+ Kh7 32. Re7+ Kh6 33. Rxh4 Kg5 (33... Rf5 34. Rxb7 Rd2
35. Nh3 $18) 34. Rg7+ Kxh4 (34... Kf5 35. Rh7 Rg6+ 36. Nxg6 Kxg6 37. Rxb7 Kg5
$18) 35. Ng2+ Kh3 36. Rg3# 1-0

[Event "180th open MGU"]
[Site "Sofia"]
[Date "2017.01.21"]
[Round "1.4"]
[White "Ivanov, Oleg M."]
[Black "Andreev, Krasimir"]
[Result "0-1"]
[WhiteElo "1604"]
[BlackElo "1882"]
[PlyCount "72"]
[EventDate "2017.01.21"]
[EventType "swiss"]
[EventRounds "6"]
[EventCountry "BUL"]

1. Nf3 c5 2. b3 d6 3. Bb2 Nc6 4. e3 a6 ({RR} 4... Bg4 5. Be2 e6 6. O-O Nf6 7.
d4 Be7 8. c4 O-O 9. Nc3 cxd4 10. Nxd4 Bxe2 11. Ndxe2 Qa5 12. Nd4 a6 13. Nxc6
bxc6 14. Na4 d5 15. Rc1 Qd8 16. Qd4 Ne8 17. Qb6 Qxb6 18. Nxb6 Rd8 19. cxd5 {
Cvorovic,D (2425)-Kosanski,S (2420)/Makarska Tucepi 1995/EXT 1997/1-0 (57)}) ({
RR} 4... Bf5 5. Bb5 Qb6 6. Nc3 Nf6 7. d3 g6 8. Bxc6+ Qxc6 9. e4 Bd7 10. Qe2 Bg7
11. O-O O-O 12. h3 Nh5 13. Nd5 Rfe8 14. Bxg7 Nxg7 15. c4 f6 16. Rfe1 Kf7 17. b4
b6 18. b5 Qc8 19. Qb2 {
Lin,A (1735)-Eytan,D (1599)/San Francisco 2015/EXT 2016/0-1 (33)}) 5. Nc3 $146
({RR} 5. d4 cxd4 6. exd4 d5 7. c3 ({RR} 7. Be2 Bf5 8. O-O Nf6 9. Nbd2 e6 10.
Ne5 Rc8 11. c4 Be7 12. Rc1 dxc4 13. Nxc6 Rxc6 14. Bf3 Rc7 15. Nxc4 Nd5 16. Ne3
Rxc1 17. Qxc1 Bg6 18. Nxd5 exd5 19. Ba3 O-O 20. Bxe7 Qxe7 21. Bxd5 Qd7 {
Pogats,J (2260)-Csiszar,C (2235)/Hungary 1993/TD/1/2 (33)}) 7... Bf5 8. Bd3
Bxd3 9. Qxd3 Nf6 10. Nbd2 e6 11. O-O Bd6 12. Rae1 O-O 13. Ne5 Ne7 14. f4 Rc8
15. Qh3 h6 16. Rf3 Nh7 17. Kh1 Bxe5 18. dxe5 Re8 19. Rd3 Qa5 {
Vilerte,T (2155)-Kozlovskaya,V (2281)/Moscow 2011/CBM 144 Extra/1-0 (55)}) ({RR
} 5. c4 e5 6. d4 e4 7. Nfd2 Nf6 8. dxc5 dxc5 9. Bxf6 Qxf6 10. Na3 Bf5 11. Rc1
Rd8 12. Nab1 Be7 13. a3 O-O 14. Qc2 Qg6 15. Nc3 Rfe8 16. g3 Ne5 17. Ncxe4 Rxd2
18. Kxd2 Bxe4 {0-1 Giering,H (1665)-Kolb,W (1680)/Ellwangen 2000/EXT 2006})
5... Bg4 6. Be2 e6 7. O-O Nf6 8. d4 Be7 9. a3 O-O 10. Qd3 d5 11. Na4 Bf5 12.
Qd2 Ne4 13. Qc1 Rc8 14. c4 cxd4 15. Nxd4 Nxd4 16. exd4 b5 17. Nc3 dxc4 18. Nxe4
Bxe4 19. Qe3 Bd5 20. b4 Qd7 21. Rac1 Bd6 22. Rc3 f6 23. Qh3 Rf7 24. f4 Re8 25.
Re3 Rfe7 26. Bh5 g6 27. Bd1 Qc7 28. Qh4 Rf8 29. Bc2 f5 30. Qe1 Rg7 31. g3 Qf7
32. Kf2 h6 33. Ke2 Re8 34. Bc3 g5 35. fxg5 hxg5 36. Qf2 f4 0-1

[Event "180th open MGU"]
[Site "Sofia"]
[Date "2017.01.21"]
[Round "1.5"]
[White "Tzonev, Kirjl"]
[Black "Mladenov, Andrey"]
[Result "1-0"]
[WhiteElo "1877"]
[BlackElo "1589"]
[PlyCount "91"]
[EventDate "2017.01.21"]
[EventType "swiss"]
[EventRounds "6"]
[EventCountry "BUL"]

1. d4 d5 2. Nf3 c6 3. Bf4 Nf6 4. e3 e6 5. Bd3 Be7 6. O-O ({RR} 6. Nbd2 O-O 7.
Ne5 Nbd7 8. Qf3 Re8 9. Qh3 Nf8 10. g4 N6d7 11. Ndf3 f6 12. Nxd7 Bxd7 13. Rg1
Bc8 14. O-O-O Bd6 15. Qg3 Bxf4 16. Qxf4 Nd7 17. g5 f5 18. h4 Re7 19. h5 Qe8 20.
Rh1 e5 {
Del Rio Crespo,J (1723)-Sola Montoya,J (1872)/Sant Adria 2016/EXT 2017/1/2 (31)
}) 6... O-O ({RR} 6... b6 7. Nbd2 O-O 8. Ne5 Bb7 9. c3 c5 10. h3 Nbd7 11. Ndf3
a6 12. a4 h6 13. Bh2 Re8 14. Qe2 c4 15. Bc2 b5 16. a5 Bd6 17. Kh1 Qc7 18. Bb1
Nf8 19. Nd2 Ne4 20. f4 f6 21. Nxe4 {
Mueller,M (2320)-Onischuk,A (2585)/Dresden 1994/TD/0-1 (51)}) 7. c4 Nbd7 8. h3
c5 $146 ({RR} 8... dxc4 9. Bxc4 b5 10. Bd3 a6 11. Nc3 Bb7 12. Qe2 c5 13. dxc5
Nxc5 14. Bc2 b4 15. Na4 Nce4 16. Rfd1 Qa5 17. Ne5 Rac8 18. Nc4 Qb5 19. Nab6
Rcd8 20. f3 Nc5 21. a4 bxa3 22. bxa3 a5 23. Rab1 {
Ozturk,K (2131)-Leite,C (2218)/Dresden 2007/CBM 117 Extra/1/2 (55)}) 9. Nc3
cxd4 10. exd4 dxc4 11. Bxc4 Nb6 12. Bd3 Nbd5 13. Be5 b6 14. Rc1 Bb7 15. Re1 Rc8
16. Ng5 g6 17. Qe2 Nd7 18. Nf3 Nxe5 19. Qxe5 Bf6 20. Qg3 Nb4 21. Bb1 Nc6 22.
Rcd1 Qc7 23. Qxc7 Rxc7 24. Be4 Nb4 25. Bxb7 Rxb7 26. a3 Nc6 27. Ne5 Ne7 28. d5
Nxd5 29. Nxd5 exd5 30. Rxd5 Rc8 31. b3 Rc3 32. Ng4 Kg7 33. Re3 Rxe3 34. Nxe3
Rc7 35. Nc4 Be7 36. Kf1 Bc5 37. a4 a6 38. Ke2 Re7+ 39. Kf3 Re1 40. a5 Rb1 41.
Nd2 Rb2 42. Ke2 Ra2 43. axb6 Bxb6 44. f4 f5 45. Rd7+ Kh6 46. g4 $138 1-0

[Event "180th open MGU"]
[Site "Sofia"]
[Date "2017.01.21"]
[Round "1.7"]
[White "Ignatov, Bojidar"]
[Black "Tenev, Bogdan"]
[Result "1/2-1/2"]
[WhiteElo "1826"]
[BlackElo "1450"]
[PlyCount "101"]
[EventDate "2017.01.21"]
[EventType "swiss"]
[EventRounds "6"]
[EventCountry "BUL"]

1. d4 d5 2. c4 e6 3. Nc3 Ne7 4. Bg5 ({RR} 4. Nf3 a6 5. cxd5 exd5 6. Bf4 Ng6 7.
Bg3 h5 8. h3 h4 9. Bh2 Bd6 10. Bxd6 Qxd6 11. e3 Nc6 12. Bd3 Nge7 13. a3 f6 14.
Qc2 g5 15. O-O-O Bd7 {
1/2 Antonsen,M (2470)-Fries Nielsen,J (2457)/Svendborg 2015/CBM 165 Extra}) ({
RR} 4. cxd5 exd5 5. Bg5 Nbc6 6. e3 a6 7. Bd3 f6 8. Bf4 Nb4 9. Bb1 Bf5 10. a3
Nbc6 11. Nf3 Bg4 12. h3 Bh5 13. O-O Qd7 14. Na4 b6 15. Bd3 Nf5 16. Qc2 Bg6 17.
Rac1 Nfe7 18. Bxg6+ hxg6 {
Tinica,G (1578)-Attouche,M (1209)/Montreal 2016/EXT 2017/1-0}) 4... b6 ({RR} 
4... f6 5. Bf4 a6 6. e3 g6 7. Nf3 b6 8. h3 Bb7 9. a3 Bg7 10. b4 O-O 11. c5 b5
12. Be2 Nbc6 13. O-O e5 14. dxe5 Nxe5 15. Nd4 Qd7 16. a4 c6 17. Qc2 f5 18. Rad1
Nf7 19. Na2 {Georgiev,N (1639)-Tenev,B/Sofia 2015/CBM 164 Extra/1/2 (62)}) 5.
e4 $146 ({RR} 5. Nf3 Bb7 6. e3 g6 7. Bd3 Bg7 8. O-O O-O 9. Bxe7 Qxe7 10. cxd5
exd5 11. Rc1 Nd7 12. Qb3 Nf6 13. Ne5 c5 14. Be2 cxd4 15. exd4 Ne4 16. Nxd5 Bxd5
17. Qxd5 Nd6 18. Bf3 Rfd8 19. Nc6 Qf6 {
Dang,T (1842)-Huynh,X (1826)/Ho Chi Minh City 2014/EXT 2016/1-0}) 5... dxe4 6.
Nxe4 Bb7 7. Ng3 h6 8. Be3 g6 9. Qc2 Bg7 10. Nf3 Bxf3 11. gxf3 O-O 12. O-O-O
Nbc6 13. Qe4 f5 14. Qh4 g5 15. Bxg5 hxg5 16. Qxg5 Qe8 17. Kb1 Qg6 18. Qh4 Bf6
19. Qh3 Nxd4 20. Bd3 Nxf3 21. Ne2 Ng5 22. Qe3 Kf7 23. h4 Ne4 24. f3 Nc5 25. Bc2
Bg7 26. Rhg1 Qf6 27. Rxg7+ Qxg7 28. b4 Nb7 29. Nf4 e5 30. c5 exf4 31. Bb3+ Ke8
32. Qe6 Rf6 33. Qd7+ Kf8 34. Qxc7 Nd5 35. Qe5 Nxb4 36. Rd7 Qxd7 37. Qxf6+ Ke8
38. Qh8+ Ke7 39. Qxa8 Nxc5 40. Qg8 Qd3+ 41. Kb2 Nxb3 42. axb3 Qe2+ 43. Ka3 Nc2+
44. Kb2 Nd4+ 45. Ka3 Nb5+ 46. Ka4 Nc3+ 47. Kb4 Na2+ 48. Ka3 Qe6 49. Qg7+ Qf7
50. Qe5+ Qe6 51. Qg7+ 1/2-1/2

[Event "180th open MGU"]
[Site "Sofia"]
[Date "2017.01.21"]
[Round "1.8"]
[White "Anavi, David"]
[Black "Kolev, Velio"]
[Result "1/2-1/2"]
[WhiteElo "1292"]
[BlackElo "1734"]
[PlyCount "97"]
[EventDate "2017.01.21"]
[EventType "swiss"]
[EventRounds "6"]
[EventCountry "BUL"]

1. e4 c5 2. c3 Nf6 3. e5 Nd5 4. d4 cxd4 5. cxd4 d6 6. Bc4 Nb6 7. Bb3 Nc6 8. f4
dxe5 9. dxe5 Qxd1+ 10. Bxd1 Bf5 11. Nf3 h6 $146 ({RR} 11... e6 12. O-O Bc5+ 13.
Kh1 Bd3 14. Re1 Bf2 15. Nc3 Bxe1 16. Nxe1 Bg6 17. Nb5 O-O 18. Nd6 Rfd8 19. Bf3
Rab8 20. Be3 Nd5 21. Bc1 f6 22. Nc4 b5 23. Ne3 fxe5 24. Nxd5 e4 25. Ne7+ Nxe7
26. Be2 {Gottstein,T-Von Kiedrowski,K/Baunatal 1997/EXT 1999/0-1 (35)}) 12. O-O
e6 13. Nc3 Bc5+ 14. Kh1 O-O 15. a3 a5 16. Na4 Bd3 17. Re1 Bf2 18. Nxb6 Bxb6 19.
Be3 Bxe3 20. Rxe3 Rfd8 21. Be2 Bxe2 22. Rxe2 Rd5 23. Rd2 Rad8 24. Rad1 Ne7 25.
g4 Rxd2 26. Rxd2 Rxd2 27. Nxd2 Ng6 28. Nc4 a4 29. f5 Nf4 30. Nb6 Nd3 31. Nxa4
Nxe5 32. fxe6 fxe6 33. Nc5 b6 34. Nxe6 Nc4 35. Nc7 Nxb2 36. Nd5 Nc4 37. Kg2 Kf7
38. a4 Ke6 39. Nc3 Kd6 40. Kf3 Kc5 41. Kf4 Kb4 42. Nd5+ Kxa4 43. Kf5 b5 44. h3
Kb3 (44... g5 $1 $19) 45. Kg6 Ne5+ 46. Kxg7 Kc4 47. Ne3+ Kd4 48. Nd1 b4 49.
Kxh6 1/2-1/2

[Event "180th open MGU"]
[Site "Sofia"]
[Date "2017.01.21"]
[Round "2.1"]
[White "Tzonev, Kirjl"]
[Black "Metev, Martin"]
[Result "1/2-1/2"]
[WhiteElo "1877"]
[BlackElo "2062"]
[PlyCount "90"]
[EventDate "2017.01.21"]
[EventType "swiss"]
[EventRounds "6"]
[EventCountry "BUL"]

1. e4 e6 2. d4 d5 3. Nc3 Bb4 4. e5 c5 5. a3 Bxc3+ 6. bxc3 Qa5 7. Bd2 Ne7 ({RR} 
7... Nc6 8. Qg4 Kf8 9. h4 Nge7 10. h5 h6 11. Rh3 Qa4 12. Bd3 c4 13. Rg3 Rg8 14.
Bh7 Nf5 15. Bxg8 Nxg3 16. Qxg3 Qxc2 17. Rc1 Qe4+ 18. Ne2 Kxg8 19. Bxh6 Qh7 20.
Bg5 Qxh5 21. Nf4 Qh7 22. Qg4 {
Cadilhac,I (2051)-Da Silva,S (1797)/Sao Paulo 2016/CBM 170 Extra/1-0 (34)}) 8.
Qg4 ({RR} 8. c4 Qc7 9. cxd5 ({RR} 9. c3 cxd4 10. cxd4 dxc4 11. Qa4+ Bd7 12.
Qxc4 Qxc4 13. Bxc4 Nbc6 14. Ne2 Nf5 15. Bc3 Rc8 16. Bb3 h5 17. O-O Nce7 18. Bb2
Bb5 19. Rfe1 Nc6 20. d5 Na5 21. Ba2 Rc2 22. Bc3 exd5 23. Bxa5 Rxe2 {
Ruschukov,B (1983)-Metev,M (2003)/Sofia 2015/CBM 169 Extra/1-0}) 9... exd5 10.
c3 Nbc6 11. Be3 Nf5 12. Nf3 Nxe3 13. fxe3 c4 14. e4 Be6 15. Ng5 O-O 16. Qc2 Qe7
17. h4 g6 18. Be2 Rad8 19. O-O dxe4 20. Rf6 Bd5 21. Raf1 Nxe5 22. dxe5 Qxe5 {
Savchenko,B (2581)-Bartel,M (2641)/Dubai 2014/CBM 160 Extra/0-1 (70)}) 8... O-O
$146 ({RR} 8... Kf8 9. a4 Nbc6 10. Nf3 Qb6 ({RR} 10... c4 11. Be2 b5 12. h4
bxa4 13. h5 h6 14. Qf4 a3 15. Ra2 Rb8 16. O-O Rb2 17. Rfa1 Rxa2 18. Rxa2 Qb6
19. Ne1 Qb2 {0-1 Hatlebakk,E (2290)-Angantysson,H (2425)/Skien 1980/MCD}) 11.
dxc5 Qxc5 12. Bd3 h6 13. O-O b6 14. Rfe1 Na5 15. Qb4 Bd7 16. Qxc5 bxc5 17. c4
Nxc4 18. Bxc4 dxc4 19. Be3 f5 20. Bxc5 Kf7 21. Nd4 Rhc8 22. Bd6 Nc6 23. Nxc6 {
Cifka,S (2310)-Bartel,M (2481)/Cochin 2004/CBM 103 Extra/0-1 (48)}) ({RR} 8...
Nf5 9. Bd3 O-O 10. Ne2 Nc6 11. Bxf5 exf5 12. Qg3 Kh8 13. O-O cxd4 14. Rfd1 Qa4
15. cxd4 Qxc2 16. f3 Qc4 17. Qf2 Bd7 18. Be3 Na5 19. Nf4 Nb3 20. Rab1 g5 21.
Nh5 f4 22. Bxf4 gxf4 23. Qh4 {Lopez,M-Carvajal,J/La Paz 1964/EXT 2001/0-1 (34)}
) 9. Nf3 c4 10. h4 Qa4 11. Rc1 f5 12. exf6 Rxf6 13. Ne5 Qxa3 14. Be2 Nbc6 15.
O-O Nxe5 16. dxe5 Rf7 17. h5 Qc5 18. Be3 Qc7 19. Ra1 Qxe5 20. Bd4 Qc7 21. Bxa7
e5 22. Qg3 Nf5 23. Qh2 b5 24. Bb6 Qc6 25. Rxa8 Qxa8 26. g4 Qc6 27. Ba5 Nh6 28.
g5 Nf5 29. Bb4 Qe6 30. Bg4 Qe8 31. Re1 e4 32. Qb8 Rb7 33. Qa8 g6 34. Bxf5 gxf5
35. Bc5 f4 36. g6 hxg6 37. Bd4 f3 38. Qa6 Qe6 39. Qxe6+ Bxe6 40. hxg6 Bf5 41.
g7 Rb8 42. Kh2 Ra8 43. Kg3 Kf7 44. Kf4 Be6 45. Rh1 Rg8 1/2-1/2

[Event "180th open MGU"]
[Site "Sofia"]
[Date "2017.01.21"]
[Round "2.3"]
[White "Andreev, Krasimir"]
[Black "Babatov, Martin"]
[Result "1-0"]
[WhiteElo "1882"]
[BlackElo "1625"]
[PlyCount "67"]
[EventDate "2017.01.21"]
[EventType "swiss"]
[EventRounds "6"]
[EventCountry "BUL"]

1. e4 c6 2. d4 d5 3. exd5 cxd5 4. Bd3 Nc6 5. c3 Nf6 6. h3 g6 7. Be3 $146 ({RR} 
7. Ne2 Bg7 8. Ng3 ({RR} 8. O-O O-O 9. Bf4 Re8 10. Nd2 Nd7 11. Nf3 Qb6 12. Rb1
f6 13. Bc2 Nf8 14. Re1 Be6 15. Qd2 Bf7 16. h4 Rad8 17. Bh6 Bh8 18. Ng3 e5 19.
dxe5 Nxe5 20. Nxe5 fxe5 21. h5 e4 22. hxg6 Nxg6 {
Fuernhammer,F (1888)-Palme,H (1991)/Germany 2016/EXT 2017/0-1 (37)}) 8... O-O
9. O-O e5 10. dxe5 Nxe5 11. Be2 Be6 12. f4 Qb6+ 13. Kh2 Nc6 14. f5 Bd7 15. Qc2
Rac8 16. Bg5 Nd4 17. Qd1 Nxf5 18. Nxf5 Bxf5 19. Qb3 Qe6 20. Bf3 Qe5+ 21. Kg1
Bd3 {Torres Caravaca,J-Aguilera,J/Barcelona 1929/EXT 2000/0-1 (32)}) ({RR} 7.
Bg5 Bg7 8. Nd2 Bf5 9. Bxf5 gxf5 10. Ne2 Ne4 11. Bf4 e6 12. f3 Nxd2 13. Qxd2 h5
14. O-O Rg8 15. Kh1 Bf6 16. Nc1 Bg5 17. Nd3 Bxf4 18. Qxf4 Qg5 19. Qxg5 {
1/2 Keitlinghaus,L (2510)-Meduna,E (2450)/Lazne Bohdanec 1994/CBM 040}) ({RR} 
7. Qe2 Bg7 8. Nf3 Qc7 9. Na3 O-O 10. Nb5 Qb8 11. Ne5 a6 12. Na3 Nxe5 13. dxe5
Ne4 14. Bxe4 dxe4 15. Qxe4 Bf5 16. Qe2 Bxe5 17. Nc4 Bc7 18. Bh6 Rd8 19. Rd1
Rxd1+ 20. Qxd1 Bf4 21. Bxf4 Qxf4 {
Hounie Fleurquin,C-Fenoglio,V/Buenos Aires 1935/HCL/1/2 (57)}) ({RR} 7. Nf3 Bf5
8. Bf4 Qc8 9. Ne5 Bg7 10. O-O O-O 11. Re1 Re8 12. Qc2 Nxd4 {
0-1 Moehler,G-Lange,W/Hamburg 1946/EXT 2005}) 7... Bg7 8. Nf3 a6 9. Nbd2 b5 10.
O-O O-O 11. Ne5 Nxe5 12. dxe5 Nd7 13. f4 e6 14. Bd4 Nb6 15. b3 Bd7 16. Qe2 Qc7
17. Qe3 Nc8 18. Bc5 Re8 19. b4 Bf8 20. Bxf8 Rxf8 21. Be2 Nb6 22. Rac1 Nc4 23.
Bxc4 dxc4 24. Ne4 Qa7 25. Nc5 Bc6 26. g4 Bd5 27. f5 gxf5 28. Qg5+ Kh8 29. Qf6+
Kg8 30. gxf5 exf5 31. Kh2 Rfc8 32. Rg1+ Kf8 33. Qd6+ Qe7 34. Nd7+ 1-0

[Event "180th open MGU"]
[Site "Sofia"]
[Date "2017.01.21"]
[Round "2.5"]
[White "Tenev, Bogdan"]
[Black "Anavi, David"]
[Result "1/2-1/2"]
[WhiteElo "1450"]
[BlackElo "1292"]
[PlyCount "43"]
[EventDate "2017.01.21"]
[EventType "swiss"]
[EventRounds "6"]
[EventCountry "BUL"]

1. e4 e5 2. g3 Bc5 ({RR} 2... d5 3. exd5 Qxd5 4. Qf3 Qxf3 5. Nxf3 Nc6 6. Bb5
Bd7 7. O-O Bd6 8. Re1 Nge7 9. d3 h6 10. Nc3 O-O-O 11. Be3 f5 12. d4 e4 13. Nd2
a6 14. Bf1 g5 15. Nc4 Rdf8 16. Rad1 Nb4 17. Ne2 {
Weyrich,M (2345)-Nurkiewicz,M (2285)/Germany 1999/EXT 2000/0-1 (55)}) 3. d3 ({
RR} 3. f3 h5 4. h4 d5 5. Nc3 dxe4 6. Nxe4 Bb6 7. Bb5+ c6 8. Bc4 Nf6 9. d3 Nxe4
10. fxe4 Bg4 11. Nf3 Qd6 12. Bd2 Nd7 13. Qe2 Nc5 14. Bb4 a5 15. Bxc5 Bxc5 16.
O-O-O b5 17. d4 Bxd4 {
Chakli,S-Messaoudi,E (1840)/Algiers 2015/CBM 165 Extra/0-1}) 3... Nf6 4. Qe2
$146 ({RR} 4. Bg5 h6 5. Bxf6 Qxf6 6. Qd2 O-O 7. Nc3 c6 8. f4 exf4 9. Qxf4 Qe7
10. O-O-O d6 11. d4 Bb4 12. Bd3 Bxc3 13. bxc3 Be6 14. c4 Na6 15. e5 dxe5 16.
Qxe5 Qa3+ 17. Kd2 Rae8 18. Qe4 Qa5+ {
Mandoshkin,J-Redhead,G/London,Canada 1993/EXT 2005/0-1}) 4... d6 5. h3 Nc6 6.
c3 Be6 7. Be3 Bxe3 8. Qxe3 O-O 9. Bg2 d5 10. exd5 Bxd5 11. Nf3 e4 12. dxe4 Re8
13. Nfd2 Bxe4 14. Nxe4 Nxe4 15. Bxe4 f5 16. Nd2 fxe4 17. Nxe4 Qd5 18. f3 Ne5
19. O-O Nxf3+ 20. Qxf3 Rxe4 21. Rad1 Qe6 22. Qf5 1/2-1/2

[Event "180th open MGU"]
[Site "Sofia"]
[Date "2017.01.21"]
[Round "2.6"]
[White "Krasteva, Beloslava"]
[Black "Ignatov, Bojidar"]
[Result "1-0"]
[WhiteElo "1986"]
[BlackElo "1826"]
[PlyCount "23"]
[EventDate "2017.01.21"]
[EventType "swiss"]
[EventRounds "6"]
[EventCountry "BUL"]

1. d4 Nf6 2. c4 e6 3. Nc3 Bb4 4. e3 O-O 5. Bd3 c5 6. Nge2 d5 7. cxd5 Nxd5 ({RR
} 7... cxd4 8. Nxd4 Nxd5 9. Bd2 Nxc3 10. Bxc3 Bxc3+ 11. bxc3 Nd7 12. O-O Nf6
13. Be2 a6 14. Bf3 Qc7 15. Qb3 e5 16. Nc2 Rb8 17. Nb4 Be6 18. Nd5 Bxd5 19. Bxd5
e4 20. Rfd1 Ng4 21. g3 Nf6 22. Rd4 {
Lenderman,A (2601)-Lastin,A (2643)/ICC INT 2010/CBM 135 Extra/1/2 (52)}) 8. a3
({RR} 8. O-O cxd4 9. Nxd5 Qxd5 10. exd4 Nc6 11. Be3 b6 12. Qc2 f5 13. Bc4 Qd7
14. Nf4 Qe8 15. Qb3 Rf6 16. d5 exd5 17. Nxd5 Kh8 18. Nxf6 gxf6 19. Bb5 Bd6 20.
Qd5 Qe5 21. Qxe5 Nxe5 22. Rfd1 Be7 {Ferreira Maia,M (2085)-Noseda,F (1962)/Rio
de Janeiro 2016/CBM 173 Extra/1-0 (37)}) 8... cxd4 9. exd4 $6 (9. axb4 $142)
9... Nxc3 $146 ({RR} 9... Be7 10. O-O Nc6 11. Nxd5 Qxd5 12. Be3 Bf6 13. Qc2 g6
14. Rfd1 Ne7 15. Nc3 Qd8 16. Ne4 Bg7 17. Nc3 Nd5 18. Nxd5 exd5 19. Rac1 Bg4 20.
f3 Be6 21. Qc7 Rb8 22. Qxd8 Rfxd8 23. Rc7 Rdc8 24. Rdc1 {
Gokhale,J (2330)-Littke,A (2270)/Buenos Aires 1992/EXT 1997/1/2}) 10. bxc3 Be7
11. Bc2 b6 $4 (11... Nc6 $142 $11) 12. Be4 1-0